Geografia Polski na literę D - Statystyki

Ogólne statystyki
  • Ten quiz został rozwiązany 74 razy
  • Średni wynik to 5 z 16
Statystyki odpowiedzi
Wskazówka Odpowiedź % Poprawnych
Miasto z największą powierzchnią w województwie śląskim Dąbrowa Górnicza
86%
Drugie najgłębsze jezioro w Polsce Drawsko
73%
Rzeka w województwie małopolskim uchodząca do Wisły w okolicach Opatowca Dunajec
59%
Jedyny park narodowy na tę literę {Drawieński} Park Narodowy
51%
Rzeka o długości 185,9 km płynąca przez powyższe Drawa
47%
Rzeka o długości 207km, która przez krótki odcinek wyznacza granicę Torunia ze Złotorią Drwęca
46%
Siedziba powiatu drawskiego w woj. zachodniopomorskim Drawsko Pomorskie
43%
Miasto leżące przy drodze krajowej nr 94 oraz autostradzie A4 Dębica
40%
Miasto na północnym-wschodzie województwa małopolskiego Dąbrowa Tarnowska
37%
Najbardziej na południe wysunięty powiat województwa warmińsko-mazurskiego działdowski
37%
Według legendy urodziła się tam Nawojka *wskazówka: leży w województwie kujawsko-pomorskim Dobrzyń nad Wisłą
16%
Park krajobrazowy w północnej części Bieszczad Park Krajobrazowy {Doliny Sanu}
6%
Park krajobrazowy położony na terenie gmin: Wrocław, Kąty Wrocławskie, Mietków, Sobótka i Miękinia Park Krajobrazowy {Dolina Bystrzycy}
4%
Największe jezioro leżące w dorzeczu rzeki Łyna Dadaj
0%
Szczyt o wysokości 934 m n.p.m. znajdujący się w głównym grzbiecie Małych Pienin. Wyznacza także granicę polsko-słowacką Durbaszka
0%
Najwyższy szczyt w Polsce na tę literę Dziurkowiec
0%
Nie znaleziono quizów pasujących do podanych kryteriów
Rozkład punktacji
Procent ludzi z każdym wynikiem
Percentyl według liczby udzielonych odpowiedzi
Twoja historia wyników
Nie rozwiązałeś tego quizu